000 01128nam a2200313Ia 4500
005 20210727153129.0
007 ta
008 000030 2007 ck a gs j spa d spa
020 _a9789583003035
040 _aCO-BoRNBP
_bspa
_cCO-BoRNBP
_erda
041 0 _aspa
084 _aC MUJ1
100 1 _aMújica, Elisa,
_d1918-
_eautora
245 1 0 _aCuentos para niños de La Candelaria
_cElisa Mújica ; ilustraciones de Mauricio Franco
250 _aPrimera edición
_bNovena reimpresión
264 1 _aBogotá
_bPanamericana
_c1997-2017
300 _a124 páginas
_bilustraciones a color
_c23 cm.
336 _atexto
_btxt
_2rdacontent
337 _asin mediación
_bn
_2rdamedia
338 _avolumen
_bnc
_2rdacarrier
650 1 4 _aCuentos infantiles colombianos
_ySiglo XX
_2LEMB
650 1 4 _aLiteratura infantil colombiana
_ySiglo XX
_2LEMB
650 1 4 _aAnimales
_vCuentos infantiles
_2LEMB
650 1 4 _aFantasmas
_vCuentos infantiles
_2LEMB
650 1 4 _aTerror
_vCuentos infantiles
_2LEMB
650 1 4 _aPríncipes
_vCuentos infantiles
_2LEMB
700 1 _aMauricio, Franco,
_eilustrador
942 _2loc
_cBKLIT
999 _c2904
_d2904